000 00371 a2200145 4500
020 _a 9789353062019
040 _bENG
082 _a621.3.049.77MAN
100 _aMano,morris m & Ciletti michel d
_92225
245 _aDigital design with an introduction to the verilog HDL, VHDL, and systemverilog
250 _a6e
260 _bPearson
300 _a765p;
942 _cBK
999 _c4547
_d4542